TV by Vintage Lunchboxes Quiz Stats

 Plays Quiz Updated Sep 13, 2012

Challenge
Share
Tweet
Score 0/20 Timer 05:00
1 Play Today
TV Show % Correct
The Muppet Show
98.7%
Star Trek
97.5%
Sesame Street
96.6%
The Jetsons
88%
Happy Days
84.9%
Little House on the Prairie
82.1%
Knight Rider
81.2%
Flipper
80.7%
Mork & Mindy
75.6%
The Lone Ranger
73.5%
TV Show % Correct
Charlie's Angels
73.2%
The Dukes of Hazzard
67.5%
Masters of the Universe
66.2%
Muppet Babies
60.7%
Welcome Back Kotter
58.7%
Thundercats
42.6%
Lost in Space
40.6%
Hardy Boys Mysteries
36.7%
Hee Haw
26.2%
Buck Rogers
20.1%

You're not logged in!

Compare scores with friends on all Sporcle quizzes.
Join for Free
OR
Log In

You Might Also Like...

Show Comments

Extras

Top Quizzes Today


Score Distribution

Your Account Isn't Verified!

In order to create a playlist on Sporcle, you need to verify the email address you used during registration. Go to your Sporcle Settings to finish the process.

Report this User

Report this user for behavior that violates our Community Guidelines.

Details: